Ambivalenz des Absoluten: Philosophie
| Main Author: | |
|---|---|
| Format: | Print Review |
| Language: | German |
| Check availability: | HBZ Gateway |
| Interlibrary Loan: | Interlibrary Loan for the Fachinformationsdienste (Specialized Information Services in Germany) |
| Published: |
[2018]
|
| In: |
Herder-Korrespondenz
Year: 2018, Volume: 72, Issue: 11, Pages: 53 |
| Review of: | Gott, versuchsweise (Freiburg : Herder, 2018) (Brose, Thomas)
|
| Standardized Subjects / Keyword chains: | B
God
/ Devil
/ Theodicy
/ Naturalism
/ Philosophy
|
| RelBib Classification: | AB Philosophy of religion; criticism of religion; atheism NBC Doctrine of God NBH Angelology; demonology |
| Further subjects: | B
Book review
|
MARC
| LEADER | 00000caa a2200000 c 4500 | ||
|---|---|---|---|
| 001 | 1583670351 | ||
| 003 | DE-627 | ||
| 005 | 20181129120047.0 | ||
| 007 | tu | ||
| 008 | 181113s2018 xx ||||| o 00| ||ger c | ||
| 035 | |a (DE-627)1583670351 | ||
| 035 | |a (DE-576)513670351 | ||
| 035 | |a (DE-599)BSZ513670351 | ||
| 040 | |a DE-627 |b ger |c DE-627 |e rda | ||
| 041 | |a ger | ||
| 084 | |a 0 |a 1 |2 ssgn | ||
| 100 | 1 | |e VerfasserIn |0 (DE-588)120660822 |0 (DE-627)080813453 |0 (DE-576)172162238 |4 aut |a Brose, Thomas |d 1962- | |
| 109 | |a Brose, Thomas 1962- | ||
| 245 | 1 | 0 | |a Ambivalenz des Absoluten |b Philosophie |c Thomas Brose |
| 264 | 1 | |c [2018] | |
| 336 | |a Text |b txt |2 rdacontent | ||
| 337 | |a ohne Hilfsmittel zu benutzen |b n |2 rdamedia | ||
| 338 | |a Band |b nc |2 rdacarrier | ||
| 601 | |a Ambivalenz | ||
| 601 | |a Absolution | ||
| 652 | |a AB:NBC:NBH | ||
| 655 | 7 | |a Rezension |0 (DE-588)4049712-4 |0 (DE-627)106186019 |0 (DE-576)209083166 |2 gnd-content | |
| 689 | 0 | 0 | |d s |0 (DE-588)4021662-7 |0 (DE-627)104649747 |0 (DE-576)208939261 |2 gnd |a Gott |
| 689 | 0 | 1 | |d s |0 (DE-588)4059588-2 |0 (DE-627)106142992 |0 (DE-576)209131365 |2 gnd |a Teufel |
| 689 | 0 | 2 | |d s |0 (DE-588)4059740-4 |0 (DE-627)104589558 |0 (DE-576)209132027 |2 gnd |a Theodizee |
| 689 | 0 | 3 | |d s |0 (DE-588)4041365-2 |0 (DE-627)104598654 |0 (DE-576)209044616 |2 gnd |a Naturalismus |
| 689 | 0 | 4 | |d s |0 (DE-588)4045791-6 |0 (DE-627)106200259 |0 (DE-576)209066873 |2 gnd |a Philosophie |
| 689 | 0 | |5 (DE-627) | |
| 773 | 0 | 8 | |i Enthalten in |t Herder-Korrespondenz |d Freiburg, Br. : Herder, 1946 |g 72(2018), 11, Seite 53 |w (DE-627)129073857 |w (DE-600)2422-3 |w (DE-576)014406144 |x 0018-0645 |7 nnas |
| 773 | 1 | 8 | |g volume:72 |g year:2018 |g number:11 |g pages:53 |
| 787 | 0 | 8 | |i Rezension von |a Schmidt-Biggemann, Wilhelm, 1946 - |t Gott, versuchsweise |d Freiburg : Herder, 2018 |h 143 Seiten |w (DE-627)1010237225 |w (DE-576)500944083 |z 3451381230 |z 9783451381232 |
| 951 | |a AR | ||
| ELC | |b 1 | ||
| ITA | |a 1 |t 1 | ||
| LOK | |0 000 xxxxxcx a22 zn 4500 | ||
| LOK | |0 001 303212994X | ||
| LOK | |0 003 DE-627 | ||
| LOK | |0 004 1583670351 | ||
| LOK | |0 005 20181129120047 | ||
| LOK | |0 008 181113||||||||||||||||ger||||||| | ||
| LOK | |0 040 |a DE-Tue135 |c DE-627 |d DE-Tue135 | ||
| LOK | |0 092 |o n | ||
| LOK | |0 852 |a DE-Tue135 | ||
| LOK | |0 852 1 |9 00 | ||
| LOK | |0 935 |a ixrz |a ixzo | ||
| LOK | |0 936ln |0 1442042990 |a AB | ||
| LOK | |0 936ln |0 1442051507 |a NBC | ||
| LOK | |0 936ln |0 1442052120 |a NBH | ||
| LOK | |0 939 |a 13-11-18 |b l01 | ||
| ORI | |a SA-MARC-ixtheoa001.raw | ||
| REL | |a 1 | ||
| STA | 0 | 0 | |a Devil,Devil,Devil in literature,Satan,God,God,Naturalism,Naturalism,Philosophy,Philosophy in literature,Theodicy,Theodicy |
| STB | 0 | 0 | |a Diable,Diable,Dieu,Dieu,Naturalisme,Naturalisme,Naturalisme (mouvement littéraire),Philosophie,Philosophie,Théodicée,Théodicée |
| STC | 0 | 0 | |a Diablo,Diablo,Dios,Dios,Filosofía,Filosofía,Naturalismo,Naturalismo,Teodicea,Teodicea |
| STD | 0 | 0 | |a Diavolo,Diavolo,Dio,Dio,Filosofia,Filosofia,Naturalismo,Naturalismo,Teodicea,Teodicea |
| STE | 0 | 0 | |a 哲学,神,神,上帝,上帝,神义论,神义论,神正论,神正论,自然主义,自然主义,自然论,自然论,魔鬼,魔鬼 |
| STF | 0 | 0 | |a 哲學,神,神,上帝,上帝,神義論,神義論,神正論,神正論,自然主義,自然主義,自然論,自然論,魔鬼,魔鬼 |
| STG | 0 | 0 | |a Deus,Deus,Diabo,Diabo,Filosofia,Filosofia,Naturalismo,Naturalismo,Teodiceia,Teodiceia |
| STH | 0 | 0 | |a Бог (мотив),Бог,Дьявол,Дьявол (мотив),Натурализм,Натурализм (философия),Теодицея (мотив),Теодицея,Философия (мотив),Философия |
| STI | 0 | 0 | |a Διάβολος,Διάβολος <μοτίβο>,Σατανάς (μοτίβο),Σατανάς,Θεοδικία (μοτίβο),Θεοδικία,Θεός (μοτίβο),Θεός,Νατουραλισμός,Νατουραλισμός (φιλοσοφία),Φιλοσοφία (μοτίβο),Φιλοσοφία |
| SUB | |a REL | ||
| SYG | 0 | 0 | |a Playing God , Satan , Philosophy,Philosophieren |



